00444nam a22001577a 450000500170000001000150001702000260003203500130005803700130007108200060008410000180009024500460010826000390015427000680019330000250026120130814112315.0 aENG-107792 a9789382536246c200.00 aEN-91325 bDBAD/PUB aN aBose, Nandita aThe perfume of promise /cby Nandita Bose aNew DelhibLiFi Publicationsc2013 a211, 2nd Floor, Gagandeep 12, Rajendra PlacebNew Delhie110008 aix,203p. c21cm(pbk)